00361nam a2200145Ia 4500008004100000082002100041100001800062245002200080260002600102365000700128600001800135630002200153700001800175730002200193110201s9999 xx 000 0 und d bB10228aBAL 2322 aVernon Thomas aMore Jataka Tales bBetter Yourself Books b12 aVernon Thomas aMore Jataka Tales aVernon Thomas aMore Jataka Tales